Statistics for All Modern-Day Countries Ever Controlled by the Habsburgs

Click here to take the quiz!

General Stats

  • This quiz has been taken 3,897 times
  • The average score is 84 of 90

Answers on the Map

Answers color-coded by a green-red scale on the quiz's map according to % correct below.
 

Answer Stats

Countries% Correct
France
99%
Mexico
99%
Portugal
99%
Spain
99%
United States
99%
Austria
98%
Belgium
98%
Brazil
98%
Chile
98%
Cuba
98%
Germany
98%
Italy
98%
Netherlands
98%
United Kingdom
(Anguilla / St. Helena)
98%
Albania
97%
Argentina
97%
Bolivia
97%
Bosnia and Herzegovina
97%
Colombia
97%
Croatia
97%
Czech Republic
97%
Haiti
97%
Hungary
97%
Panama
97%
Peru
97%
Poland
97%
Romania
97%
Slovakia
97%
Slovenia
97%
Uruguay
97%
Venezuela
97%
Algeria
96%
Dominican Republic
96%
Ecuador
96%
Honduras
96%
India
96%
Indonesia
96%
Montenegro
96%
Morocco
96%
Paraguay
96%
Philippines
96%
Serbia
96%
Ukraine
96%
Belize
95%
Costa Rica
95%
El Salvador
95%
Guatemala
95%
Guyana
95%
Jamaica
95%
Kosovo
95%
Libya
95%
Nicaragua
95%
Sri Lanka
95%
Switzerland
95%
Tunisia
95%
Angola
94%
Mozambique
94%
Iran
93%
Luxembourg
93%
Oman
92%
Denmark
91%
Ghana
91%
Kenya
91%
Bahrain
90%
Cape Verde
90%
China
90%
D. R. Congo
90%
East Timor
90%
Malawi
90%
Senegal
90%
Tanzania
90%
Malaysia
89%
Malta
89%
Trinidad and Tobago
88%
Mauritania
87%
São Tomé and Príncipe
87%
Zambia
87%
F. S. Micronesia
86%
Myanmar
86%
Taiwan
86%
Bangladesh
84%
Barbados
84%
Guinea-Bissau
84%
Japan
84%
Palau
84%
United Arab Emirates
84%
Equatorial Guinea
83%
Marshall Islands
83%
St. Kitts and Nevis
83%
Nauru
82%

Score Distribution

Percentile by Number Answered

Percent of People with Each Score

Your Score History

You have not taken this quiz